| 000 | 00671cam a22002294a 4500 | ||
|---|---|---|---|
| 001 | 13337176 | ||
| 003 | OSt | ||
| 005 | 20240618101957.0 | ||
| 008 | 030909s2004 ne a b 001 0 eng | ||
| 010 | _a 2003049507 | ||
| 020 | _a0123822564 | ||
| 040 |
_aDDC _cMUST |
||
| 082 | 0 | 0 |
_a510.2 JEF 2004 _222 |
| 100 | 1 |
_aJeffrey, Alan. _93240 |
|
| 245 | 1 | 0 |
_aHandbook of mathematical formulas and integrals / _cAlan Jeffrey. |
| 250 | _a3rd ed. | ||
| 260 |
_aAmsterdam ; _aBoston : _bElsevier Academic Press, _cc2004. |
||
| 300 |
_axxvi, 453 p. : _bill. ; _c24 cm. |
||
| 504 | _aIncludes bibliographical references and indexes | ||
| 650 | 0 | _aMathematics | |
| 942 |
_2ddc _cO_SHELF |
||
| 999 |
_c8593 _d8593 |
||